<?xml version="1.0" encoding="utf-8"?>
<?xml-stylesheet type='text/xsl' href='./oai2.xsl'?>
<OAI-PMH xmlns="http://www.openarchives.org/OAI/2.0/" xmlns:xsi="http://www.w3.org/2001/XMLSchema-instance" xsi:schemaLocation="http://www.openarchives.org/OAI/2.0/ http://www.openarchives.org/OAI/2.0/OAI-PMH.xsd">
  <responseDate>2026-05-15T08:07:32Z</responseDate>
  <request verb="GetRecord" metadataPrefix="marcxml" identifier="record_kuniweb_2660366">https://kulturerbe.niedersachsen.de/oai</request>
  <GetRecord>
    <record>
      <header>
        <identifier>record_kuniweb_2660366</identifier>
        <datestamp>2026-03-31T19:09:18Z</datestamp>
        <setSpec>slg0175</setSpec>
      </header>
      <metadata>
        <marc:record xmlns:marc="http://www.loc.gov/MARC21/slim" xsi:schemaLocation="http://www.loc.gov/MARC21/slim http://www.loc.gov/standards/marcxml/schema/MARC21slim.xsd">
          <marc:leader>12345nkm  22     uu 4500</marc:leader>
          <marc:controlfield tag="001">2660366</marc:controlfield>
          <marc:controlfield tag="003">http://kuniweb.gbv.de</marc:controlfield>
          <marc:controlfield tag="005">2025-04-23T12:32:15</marc:controlfield>
          <marc:controlfield tag="008">|           ||||||||||||||||||||||</marc:controlfield>
          <marc:datafield tag="245" ind1="1" ind2="0">
            <marc:subfield code="a">Allmers-Haus: Aeolus (Garten)</marc:subfield>
          </marc:datafield>
          <marc:datafield tag="720" ind1=" " ind2=" ">
            <marc:subfield code="a">Diedrich Samuel Kropp</marc:subfield>
          </marc:datafield>
          <marc:datafield tag="710" ind1="2" ind2=" ">
            <marc:subfield code="a">Rolf &amp; Co.</marc:subfield>
            <marc:subfield code="e">FotografIn</marc:subfield>
            <marc:subfield code="e">HerausgeberIn</marc:subfield>
            <marc:subfield code="e">DruckerIn</marc:subfield>
          </marc:datafield>
          <marc:datafield tag="655" ind1=" " ind2="7">
            <marc:subfield code="a">Fotografie</marc:subfield>
          </marc:datafield>
          <marc:datafield tag="046" ind1=" " ind2=" ">
            <marc:subfield code="k">1894-09-23</marc:subfield>
            <marc:subfield code="k">23. September 1894 - ca. 1895 (Vollendung der fotografierten Herme - Aufstellung im Garten des Allmers-Hauses im Sommer 1895)</marc:subfield>
            <marc:subfield code="l">1895</marc:subfield>
          </marc:datafield>
          <marc:datafield tag="260" ind1=" " ind2=" ">
            <marc:subfield code="g">1894-09-23</marc:subfield>
            <marc:subfield code="g">1895</marc:subfield>
            <marc:subfield code="g">23. September 1894 - ca. 1895 (Vollendung der fotografierten Herme - Aufstellung im Garten des Allmers-Hauses im Sommer 1895)</marc:subfield>
          </marc:datafield>
          <marc:datafield tag="300" ind1=" " ind2=" ">
            <marc:subfield code="a">Höhe: 140 mm
Breite: 90 mm</marc:subfield>
          </marc:datafield>
          <marc:datafield tag="520" ind1=" " ind2=" ">
            <marc:subfield code="a">Fotografie der Aeolus-Herme, Steinguss von Diedrich Kropp, im Garten des Allmers-Hauses, gedruckt auf nicht gelaufene Ansichtskarte des Verlags Rolf &amp; Co. in Hannover, datiert verso 1909.
Fotografierter Steinguss am 23. September 1894 fertiggestellt und im Sommer 1895 mit Epigramm von Allmers im Garten des Allmers-Hauses aufgestellt - warnende Worte des Windgottes (siehe oben) ursprünglich noch anders als in der endgültigen Fassung von Allmers vorgesehen: "Aeolus bin ich genannt,/ Euch Friesen nur zu gut bekannt./ Der starke Sturm, der weiche Wind,/ Wie’s leichte Lüftchen lau u lind/ Nur meinem Wort gehorsam sind./ Pflegt Eure Deiche!/ Weh, wenn ich sie/ Auf Wogen erreiche!" (Hermann Allmers an August Tiede, 20. September 1894, in: Briefwechsel III/ 2, 2019, S. 421f.)
Kopf an der dem Deich zugewandten Seite einer Flügelmauer aus Backstein (auf ihrer Rückseite zum das Anwesen umgebenden Graben ein kleiner Patio).
Eine weitere Fotografie der Aeolus-Herme von W. Sander &amp; Sohn im NHA (6.3.068) (T. Mahler 04/2025)

Stempel:
"Morgenstern-Museum" verso o. li. (Stempel des Historischen Museums Bremerhaven, vormals Morgenstern-Museum)

Inschrift:
"Ich bin/ der alte Aeolus/ Euch Friesen/ wird noch oft ein Gruß/ In Sturm und Drang/ aus meinem Reiche./ Ich rath Euch drum:/ Pflegt Eure Deiche." (innerhalb der fotografierten Plastik (im Druck nicht lesbar))

Stempel:
"Motiv aus dem Garten des Marschenheim's in Rechtenfleth./ Ich bin der alte Aeolus/ Euch Friesen wird noch oft ein Gruss/ In Sturm und Drang aus meinem Reiche,/ Ich rat' Euch drum: 'Pflegt Eure Deiche!'" u. mittig unterhalb der Abb. "10028. Rolf &amp; Co., Hannover 1909." verso li. (Druck des Verlegers auf der Ansichtskarte)

Beschrieben in:
A. Behne, „Das Haus des Dichters Hermann Allmers in Rechtenfleth an der Weser“. Hermann-Allers-Gesellschaft e.V., Rechtenfleth, 2014. (S. 23)

Literatur in Zusammenhang:
H. Allmers, H. G. Steimer, und A. Behne, „Briefwechsel mit Freunden in der Ferne 1880-1901“, Briefwechsel, Bd. 3, Teilband 2. Edition Temmen, Bremen, 2019. (Hermann Allmers an August Tiede, 20. September 1894, B 193, S. 421-423. Informationen zur Entstehung der Herme, vgl. S. 615)</marc:subfield>
          </marc:datafield>
          <marc:datafield tag="650" ind1="1" ind2=" ">
            <marc:subfield code="a">Druckwesen, Schriftwesen &gt; Karte, Musterkarte &gt; Postkarte &gt; Ansichtskarte</marc:subfield>
          </marc:datafield>
          <marc:datafield tag="650" ind1="1" ind2=" ">
            <marc:subfield code="a">Rechtenfleth</marc:subfield>
          </marc:datafield>
          <marc:datafield tag="773" ind1="0" ind2=" ">
            <marc:subfield code="t">Sammlung und Nachlass Hermann Allmers</marc:subfield>
          </marc:datafield>
          <marc:datafield tag="852" ind1=" " ind2=" ">
            <marc:subfield code="a">Archiv des Landkreises Cuxhaven</marc:subfield>
          </marc:datafield>
          <marc:datafield tag="" ind1=" " ind2=" ">
            <marc:subfield code="a">Sammlung und Nachlass Hermann Allmers sind Eigentum der Hermann-Allmers-Gesellschaft e. V. und werden in zwei Teilen an zwei Standorten verwahrt:
Die (museale) Sammlung, bestehend aus Mobiliar und Hausgerät, Tafelgemälden, kleineren und größeren Antiken, Gipsabgüssen, kunsthandwerklichen Objekten aus Keramik und Glas und einer kleinen Bibliothek, befindet sich im Allmers-Haus in Rechtenfleth.
Der literarische, grafische und fotografische "Nachlass Hermann Allmers" hingegen ist im Archiv des Landkreises Cuxhaven in Otterndorf deponiert.</marc:subfield>
          </marc:datafield>
          <marc:datafield tag="" ind1=" " ind2=" ">
            <marc:subfield code="a">Namensnennung - Nicht kommerziell - Keine Bearbeitungen 4.0 International (CC BY-NC-ND 4.0)</marc:subfield>
          </marc:datafield>
        </marc:record>
      </metadata>
    </record>
  </GetRecord>
</OAI-PMH>
